Problematika bezpečnosti spotrebiteľa pri rozhodovaní o produkte

Termín ochrana spotrebiteľa v súčasnosti začína byť aktuálny ako bezpečnosť (zdravia a života) spotrebiteľa. V príspevku sa spomínajú problémové výrobky, ktoré by mohli ohroziť zdravie a bezpečnosť spotrebiteľa. Problémové výrobky a využitie normy ISO 22000. Podporné opatrenia. Jedným z opatrení sú...

Descrizione completa

Salvato in:
Dettagli Bibliografici
Autore principale: Roman, Emil
Natura: Capitolo di libro
Lingua:slovacco
Soggetti:
Tags: Aggiungi Tag
Nessun Tag, puoi essere il primo ad aggiungerne!!

MARC

LEADER 00000naa$a2200000$$$4500
001 0048220
005 20240711093021.1
041 0 |a slo 
044 |a SK 
245 1 0 |a Problematika bezpečnosti spotrebiteľa pri rozhodovaní o produkte  |c Emil Roman 
520 |a Termín ochrana spotrebiteľa v súčasnosti začína byť aktuálny ako bezpečnosť (zdravia a života) spotrebiteľa. V príspevku sa spomínajú problémové výrobky, ktoré by mohli ohroziť zdravie a bezpečnosť spotrebiteľa. Problémové výrobky a využitie normy ISO 22000. Podporné opatrenia. Jedným z opatrení sú požiadavky legislatívy EÚ na sledovanosť výrobkov. Posudzovanie výrobku z hľadiska možnosti ohrozenia spotrebiteľa. 
610 2 0 |a spotrebitelia 
610 2 0 |a ochrana spotrebiteľa 
610 2 0 |a bezpečnosť výrobkov 
610 2 0 |a kvalita výrobkov 
610 2 0 |a normy technické 
610 2 0 |a prostredie životné 
610 2 0 |a ISO 22000 
100 1 |a Roman, Emil